000 00488 a2200169 4500
999 _c904
_d904
020 _a1869221435
050 _aB5316. BRO2006
100 _a Broodryk, Johann
245 _aUbuntu :
_b life coping skills from Africa /
_cJohann Broodryk
264 _aRandburg :
_b Knowres,
_c2006.
300 _a197 pages ; 23 cm
500 _aIt does not have index
650 _aPhilosophy, African.
650 _aConduct of life.
650 _a Life skills -- Africa.
942 _2lcc
_cBK
_h5316
_iBRO
_kB